Catalog

Record Details

Catalog Search



Praga mystica : z dějin české reformace Cover Image Book Book

Praga mystica : z dějin české reformace Amedeo Molnár

Molnár, Amedeo (Author).

Record details

  • Physical Description: 136 s.
  • Edition: 1. vyd.
  • Publisher: Praha Kalich 1984

Available copies

  • 1 of 1 copy available at Common Catalog SPOK.

Holds

  • 0 current holds with 1 total copy.
Show Only Available Copies
Location Call Number / Copy Notes Barcode Shelving Location Status Due Date
ETS Library 284.3 424470004339 Volný výběr Available -

LDR 00697nam a2 00253
00135107
003CZ-PrJAB
00520030724000000.0
008030723s1984 xr e |||| |cze
009cz
035 . ‡a(CONS)7242
035 . ‡aKPS11718
040 . ‡aABG450
041 . ‡acze
08214. ‡a284.3
100 . ‡7458 ‡aMolnár, Amedeo
245 . ‡aPraga mystica : ‡bz dějin české reformace ‡cAmedeo Molnár
250 . ‡a1. vyd.
260 . ‡aPraha ‡bKalich ‡c1984
300 . ‡a136 s.
490 . ‡aActa Reformationem Bohemicam Illustrantia ‡vIII.
653 . ‡aPraga mystica ‡az dějin české reformace
8524 . ‡bETS ‡bETS ‡cVolný výběr ‡j284.3 ‡gA ‡p424470004339
910 . ‡aABG450
999 . ‡a7242 ‡bAUTOGEN ‡c7242 ‡tbiblio
905 . ‡uadmin
901 . ‡a35107 ‡b ‡c35107 ‡tbiblio ‡sets

Additional Resources